000 00671cam a22002413a 4500
001 15719
003 PGUSA
005 20140828083333.0
008 050426s2005||||xxu|||||s|||||000 1 eng d
040 _aPGUSA
_beng
042 _adc
050 4 _aPT
100 1 _aStrömberg, Sigge,
_d1885-1920
245 1 0 _aBaron Olson och andra historier
_h[electronic resource] /
_cSigge Strömberg
260 _bProject Gutenberg,
_c2005
506 _aPublic domain in the USA.
516 _aElectronic text
653 _aHumorous stories
653 _aSwedish fiction
830 0 _aProject Gutenberg
_v15719
856 4 0 _uhttp://www.gutenberg.org/ebooks/15719
942 _cEB
999 _c244974
_d244974